La esencia de la filosofía y la condición moral del conocer filosófico

Salvato in:
Dettagli Bibliografici
Autore principale: Scheler, Max (Autore)
Natura: Libro
Lingua:spagnolo
Pubblicazione: Buenos Aires Nova 1980
Edizione:4a. ed
Serie:Colección la vida del espíritu
Soggetti:
Tags: Aggiungi Tag
Nessun Tag, puoi essere il primo ad aggiungerne!!

MARC

LEADER 00000nam a2200000 a 4500
001 UCZ2097
003 CL-VaPUC
008 950926e19800000AG |||||||||||||||||spa|d
082 0 4 |a 121  |b SCH  |2 21 
100 0 |a Scheler, Max  |e author  |9 311258 
245 1 3 |a La esencia de la filosofía y la condición moral del conocer filosófico 
250 |a 4a. ed 
300 |a 222 p 
942 |c BK 
945 |d 19950926 00:00:00  |a cmena 
260 |a Buenos Aires  |b Nova  |c 1980 
650 0 |a Fenomenología  |9 256519 
650 0 |a Filosofía alemana   |9 265002 
650 0 |a Epistemología   |9 264994 
650 7 |a CONOCIMIENTO  |2 CL-VaPUC  |9 308991 
650 7 |a ESTRUCTURA DEL CONOCIMIENTO  |2 CL-VaPUC  |9 335304 
650 0 |a Conceptos morales   |9 310606 
650 0 |a Ética  |9 255099 
583 |a last modification  |c 19950926 00:00:00  |k Rodrigo Vera 
490 0 |a Colección la vida del espíritu 
999 |c 238748  |d 238746 
952 |0 0  |1 0  |4 0  |6 121_000000000000000_SCH_1980  |7 0  |8 P  |9 249189  |a BIBEDU  |b BIBEDU  |c BIBEDU_PB  |d 2019-11-18  |i 1564064  |o 121 SCH 1980  |p 1564064  |r 2024-01-25  |w 2019-11-18  |y BK  |k FIL 
952 |0 0  |1 0  |4 0  |6 121_000000000000000_SCH_1980  |7 0  |8 P  |9 249190  |a BIBEDU  |b BIBEDU  |c BIBEDU_PB  |d 2019-11-18  |i 1564072  |o 121 SCH 1980  |p 1564072  |r 2024-01-25  |w 2019-11-18  |y BK  |k FIL